Entourage de Frodon - Statistiques

Statistiques générales
  • Ce quiz a été pris 16 fois
  • Le résultat moyen est 9 sur 10
Statistiques - réponses
Lien avec Frodon Personnage % Correct
Compagnon de voyage Aragorn
100%
Ami et compagnon de voyage Gandalf
100%
Compagnon de voyage Legolas
100%
Jardinier et meilleur ami Samsagace Gamegie
100%
Compagnon de voyage Boromir
93%
Oncle Bilbon Sacquet
86%
Compagnon de voyage Gimli
86%
Compagnon de voyage Peregrin Touque
86%
Compagnon de voyage Meriadoc Brandebouc
57%
Compagnon de voyage Gollum
50%
Aucun quiz correspondant
Distribution des résultats
% des personnes avec chaque résultat
Percentile par nombre de réponses
Votre historique - résultats
Vous n’avez pas pris ce quiz